000 01029nam a2200289 i 4500
001 bg
245 0 0 _aSłownik polsko-francuski francusko-polski z gramatyką /
_c[słownik autorstwa Mirosławy Słobodskiej ; gramatyka oprac. przez S. Vieillard i zaadapt. przez A. Goldschneider i S. Lenart].
260 _aWarszawa :
_bLangenscheidt,
_c2005.
490 1 _aBiblioteka Gazety Wyborczej
500 _aTyt. okł. i grzbiet.: Słownik.T. 4,polsko-francuski francusko-polski.
650 4 _aSłowniki francusko-polskie
650 4 _aSłowniki polsko-francuskie
700 1 _aSłobodska, Mirosława.
700 1 _aVIEILLARD, S.
700 1 _aGoldschneider, Anna.
700 1 _aLENART, S.
830 _aBiblioteka Gazety Wyborczej
020 _a8360004005 (całość)
020 _a8360004048 (t.4)
040 _cBPK
041 0 _apolfra
080 _a811.133.1:811.162.1]'374
920 _a83-60004-00-5 (całość)
920 _a83-60004-04-8 (t.4)
942 _cKS
008 s pl f |000 0 pol
999 _c46590
_d46590